| 000 | 00375 a2200121 4500 | ||
|---|---|---|---|
| 020 | _a1566701686 | ||
| 082 | _a363.7287 BLA | ||
| 100 | _aBlackman, William C. | ||
| 245 |
_aBasic Hazardous Waste Management _cWilliam C. Blackman |
||
| 250 | _a2nd ed. | ||
| 260 |
_aLondon : _bLewis Publishers, _c1996 |
||
| 300 |
_a397p. : _bill ., pics., ; _c24 cm |
||
| 650 | _aHazardous Waste -- United States -- Management | ||
| 999 |
_c417 _d417 |
||